Statistics for Furthest Letters away from the keyboard over 10cm

Click here to take the quiz!

General Stats

  • This quiz has been taken 11 times
  • The average score is 9 of 20

Answer Stats

DistanceAnswer% Correct
15.7 cmQ | P
100%
15.1 cmL | Q
86%
15.1 cmA | P
71%
13.7 cmQ | O
57%
13.7 cmL | A
43%
11.7 cmQ | I
43%
10.3 cmQ | J
43%
12.3 cmQ | K
43%
11.7 cmQ | M
43%
13.7 cmW | P
43%
14.3 cmZ | P
43%
11.8 cmA | K
29%
10.7 cmC | P
29%
11.2 cmD | P
29%
11.7 cmE | P
29%
11.8 cmS | L
29%
13.2 cmS | P
29%
11.8 cmW | O
29%
12.5 cmX | P
29%
10.9 cmZ | K
29%

Score Distribution

Percentile by Number Answered

Percent of People with Each Score

Your Score History

You have not taken this quiz